Länder die Mesopotamien kontrolliert haben - Statistiken

Allgemein
  • Dieses Quiz wurde 31 mal gespielt
  • Das Durchschnittsergebnis liegt bei 6 aus 14
Antwortstatistiken
Jahre Land oder Reich % Korrekt
1932 - Heute Irak
94%
1533 - 1918 Osmanisches Reich
94%
113 - 117 Römisches Reich
81%
2003 - 2011 Vereinigte Staaten
81%
1918 - 1932 Vereinigtes Königreich
74%
1258 - 1392 Mongolisches Reich / Dschalairiden
48%
244 - 651 Sassanidenreich
23%
141 v. Chr. - 224 n. Chr. Partherreich
19%
330 v. Chr. - 141 v. Chr. Seleukiden Reich
16%
651 - 1258 Abbasiden Kaliphat
10%
1392 - 1405 Timuriden Reich
6%
539 v. Chr. - 330 v. Chr. Achämeniden Reich
3%
620 v. Chr. - 539 v. Chr. Neubabylonisches Reich
3%
911 v. Chr. - 612 v. Chr. Neuassyrisches Reich
0%
Keine übereinstimmenden Quizze gefunden
Verteilung der Resultate
Anzahl Personen mit jedem Resultat
Perzentil nach korrekt beantworteten Fragen
Ihre Resultats-Entwicklung
Sie haben dieses Quiz noch nicht gespielt